| 000 | 00913nam a2200229 4500 | ||
|---|---|---|---|
| 001 | 120799 | ||
| 003 | ES-MaACL | ||
| 005 | 20230906191626.0 | ||
| 007 | t| | ||
| 008 | 070214s1985 sp r ||||1| spa d | ||
| 100 | 1 |
_aPrais, S. J. _993648 |
|
| 245 | 1 | 0 |
_aProductividad y estructura industrial _b: un estudio estadístico de la industria manufacturera de Gran Bretaña, Alemania y Estados Unidos / _cS. J. Prais ; con la colaboración de Anne Daly [et al.] ; [traducción Gonzalo Rodríguez Prada]. |
| 260 |
_aMadrid : _bMinisterio de Trabajo y Seguridad Social, _c1985. |
||
| 300 |
_a514 p. ; _c23 cm. |
||
| 490 | 1 | _aEconomía del trabajo | |
| 700 | 1 |
_aDaly, Anne. _942545 |
|
| 700 | 1 |
_aRodríguez Prada, Gonzalo. _998744 |
|
| 710 | 1 |
_aEspaña. _bMinisterio de Trabajo y Seguridad Social. _93936 |
|
| 830 | 0 |
_aEconomía del trabajo _9182912 |
|
| 852 |
_aES-MaACL _jL-8945 _bR.110560 |
||
| 999 |
_c120799 _d120799 |
||